000 002790000a22000970004500
100 1 _aBeale, G. K. (1949-)
245 1 0 _aIsaiah 6:9-13 : A retributive taunt against idolatry
300 _aVol. 41, Num. 3 (Julio, 1991), Páginas 257-278
773 0 _tVetus Testamentum
942 _cANA
999 _c57667
_d57667